000 00712nam a22002297a 4500
003 UA-OsUOA
001 57125
007 ta
008 20081203b un ||||| |||| 00| 0 ukr d
100 _aШмідт М.П.
700 _aКудря Я.В.
090 _a330(477)
_bШ-12
942 _cSA
040 _aUA-OsUOA
_bukr
_cUA-OsUOA
_dUA-OsUOA
245 _aФінансово-економічна сутність управління корпораціями в машинобудуванні України
300 _aС.53-63
955 _a0
041 _aukr
080 _a330(477)
773 0 _w57118
_tФінанси України
_dК.
_d2008
_g8
650 7 _a330 Економіка взагалі
_2UDC
999 _c343202
_d343202